00361nam a2200157Ia 450000500170000000800410001704100120005808200110007010000240008124500240010525000080012926000260013750000080016365000170017170000150018820240823055928.0240823s9999||||xx |||||||||||||| ||und|| aENGLISH A420 N4 aLakshmana Perumal N 0aEngineering English a1st c1994b"TMH,New Delhi" aYES aENGbEnglish a Lalitha.P